000
00340 a2200157 4500
001
192486
020
_a
978-85-260-2114-3
040
_c
Magnum
100
_a
Rey, Marcos
240
1
0
_a
Não era uma vez...
_l
por
245
1
0
_a
Não era uma vez...
300
_a
41
362
0
_a
2015
697
_a
LITERATURA INFANTO-JUVENIL
942
_c
BK
999
_c
192486
_d
192486